Schitt's Creek Quiz - Statistics

General Stats
  • This quiz has been taken 2,644 times
  • The average score is 23 of 36
Answer Stats
Hint Answer % Correct
Their Son David
98%
Their Daughter Alexis
97%
Wife of the Above Moira
96%
Town Owner Johnny Rose
95%
Mayor Roland
95%
Motel Manager Stevie
90%
Their Son Mutt
89%
The Vet Ted
86%
Garage Owner/Town Councilman Bob
84%
Waitress Twyla
83%
His Wife Jocelyn
81%
David's Business Partner Patrick
78%
Name of Motel (Season 4) Rosebud Motel
78%
Town Councilwoman Ronnie
70%
Name of Cafe Cafe Tropical
68%
Clothing Store in Town above Blouse Barn
67%
Office Moira Runs For Town Council
66%
Store David Opens in Town Rose Apothecary
64%
Company that Made the Roses Rich Rose Video
64%
His Wife Gwen
62%
Town Singing Group Jazzagals
62%
What David Shoots in the Neck on Hunting Trip Turkey
62%
'Illegal' Item Johnny Tries to Sell Raw Milk
60%
Girlfriend he Runs Away With Tennessee
60%
Neighboring Town Elmdale
58%
Television Show Moira Starred In Sunrise Bay
52%
Town Event Organized by Alexis Singles Week
50%
Dates Stevie and David Simultaneously Jake
49%
Dish Moira and David Make Enchiladas
47%
Alexis's Ex-Boyfriend (Season 1) Stavros
47%
Jack-of-All-Trades Ray
41%
Owner of the above Wendy
29%
David's Ex-Boyfriend (Season 3) Sebastian
26%
Winery Moira Stars in a Commerical for Herb Ertlinger Winery
25%
Moira's Character in Show above Vivian Blake
24%
Charity Fundraiser in Town Asbestos Fest
13%
No matching quizzes found
Score Distribution
Percent of People with Each Score
Percentile by Number Answered
Your Score History
You have not taken this quiz